000 01686cam a22004458i 4500
999 _c232715
_d232715
001 18789838
003 Nust
005 20170222171137.0
008 150921s2016 nyu b 000 0 eng
010 _a 2015035006
020 _a9780140623949 (pbk.)
040 _aDLC
_beng
_cDLC
_erda
042 _apcc
043 _ae-uk-en
050 0 0 _aPR4746
_b.A1 2016
082 0 0 _a823.8
_bHAR
100 1 _aHardy, Thomas,
_d1840-1928.
245 1 0 _aJude the Obscure :
_ban authoritative text, backgrounds and contexts, criticism /
_cThomas Hardy ; edited by Ralph Pite, University of Bristol.
250 _aThird edition.
263 _a1111
264 1 _aNew York :
_bW. W. Norton & Company,
_c2016
300 _a489p
336 _atext
_2rdacontent
337 _aunmediated
_2rdamedia
338 _avolume
_2rdacarrier
490 0 _aA Norton critical edition
504 _aIncludes bibliographical references.
600 1 0 _aHardy, Thomas,
_d1840-1928.
_tJude the obscure.
650 0 _aStonemasons
_vFiction.
650 0 _aIllegitimate children
_vFiction.
650 0 _aChildren
_xDeath
_vFiction.
650 0 _aUnmarried couples
_vFiction.
650 0 _aAdultery
_vFiction.
651 0 _aWessex (England)
_vFiction.
655 7 _aDidactic fiction.
_2gsafd
655 7 _aLove stories.
_2gsafd
700 1 _aPite, Ralph,
_eeditor.
906 _a0
_bvip
_corignew
_d1
_eecip
_f20
_gy-gencatlg
942 _2ddc
_cBK